| 000 | 01235cam a22002891i 4500 | ||
|---|---|---|---|
| 003 | SA-RiAUC | ||
| 005 | 20251030141222.0 | ||
| 008 | 251027s1996 ua g f000 0 ara c | ||
| 040 |
_aEG-CaDAJ _bara _cSA-RiAUC _erda |
||
| 041 | 1 |
_aara _hund |
|
| 043 |
_ama----- _an-us--- |
||
| 082 | 0 | 4 | _a327.7301751 |
| 090 |
_a327.7301751 _bك ا ب |
||
| 100 | 1 |
_aكابلان، روبرت د.، _d1952- _eمؤلف. |
|
| 245 | 1 | 2 |
_aالحملة الأمريكية : _bمستعربون وسفراء ورحالة / _cروبرت كابلان ؛ ترجمة محمد الخولي. |
| 264 | 1 |
_a[القاهرة] : _bدار الهلال، _c1996 |
|
| 300 |
_a470 صفحة.؛ _c17 سم. |
||
| 336 |
_aنص _btxt _2rdacontent _3كتاب |
||
| 337 |
_aبدون وسيط _bn _2rdamedia |
||
| 338 |
_aمجلد _bnc _2rdacarrier |
||
| 490 | 0 |
_aكتاب الهلال ؛ _v546 |
|
| 651 | 7 |
_aالولايات المتحدة الأمريكية _xعلاقات خارجية _zالبلاد العربية _2aucsh |
|
| 651 | 7 |
_aالبلاد العربية _xعلاقات خارجية _zالولايات المتحدة الأمريكية _2aucsh |
|
| 700 | 1 |
_aالخولي، محمد _eمترجم. |
|
| 942 |
_2ddc _cBOOK _n0 |
||
| 949 |
_aSA-JeALM _d251027 _umohamedma123 _n1 |
||
| 999 |
_c12852 _d12852 |
||